Medicina psicosomática y psicoanálisis de hoy /
Guardado en:
| Autor Principal: | |
|---|---|
| Formato: | Libro |
| Publicado: |
Buenos Aires :
Paidós,
1965
|
| Edición: | 3a. ed. |
| Materias: | |
| Etiquetas: |
Agregar Etiqueta
Sin Etiquetas, Sea el primero en etiquetar este registro!
|
| LEADER | 00747nam a22002055a 4500 | ||
|---|---|---|---|
| 001 | CEM.cems002168 | ||
| 005 | 20060216000000.0 | ||
| 008 | 130507s1965##################000#0#####d | ||
| 003 | CEMS | ||
| 082 | 0 | 4 | |a 616.08 |
| 100 | 1 | |a Dunbar, Flanders | |
| 245 | 1 | 0 | |a Medicina psicosomática y psicoanálisis de hoy / |
| 250 | |a 3a. ed. | ||
| 260 | |a Buenos Aires : |b Paidós, |c 1965 | ||
| 300 | |a 121 p. | ||
| 505 | 0 | |a Historia.-Definici¢n.-Etiolog¡a general.-Descripci¢n general.-Examen médico-psicol¢gico del ni¤o afectado.-Evoluci¢n.-Diagn¢stico diferencial. -Psicopatolog¡a.-Tratamiento.-Conclusi¢n. | |
| 653 | |a Medicina | ||
| 653 | |a Medicina psicosomatica | ||
| 653 | |a Psicoanalisis | ||
| 859 | |a CEMS |b BIB. CEMS - 11 de abril |h 616.08 |i D911 |p 401.73 |t Ej.1 | ||
